000 01043nam a22002777a 4500
999 _c748
_d748
003 AR-CdUCM
008 190225b ||||| |||| 00| 0 spa d
040 _aMUNICIPALIDAD PROVINCIAL DEL CUSCO
_cBIBLIOTECA MUNICIPAL DEL CUSCO
082 _a980 /
_bF34
110 _aAcademia de Ciencias de la URRS
_92868
245 _aLos Pueblos autóctonos de América Latina:
_bPasado y presente, Tomo III /
260 _aMoscú :
_bAcademia de Ciencias de la URSS,
_c1984
300 _a183 páginas ;
_c21 cm.
505 _aLas investigaciones histórico-geográficas -- Cantares de Dzitbalche -- Manuscritos de los Mixtecas -- Aspectos filosóficos de la lírica de Netzahualcoyotl -- Taino, Macori, Guatlao...
650 _aHistoria
_9136
650 _aAmérica Latina
_91130
650 _aMaya
_92869
650 _aAzteca
_9674
650 _aGuatemala
_92870
650 _aNicaragua
_92871
700 _aFedoseev, P.
_92872
700 _aGrigulevich, J.
_92873
700 _aMaiorov, E.
_92874
942 _2ddc
_cLIBROS
945 _admma
_d2019-02-25